حماية المستهلك في المعاملات الالكترونية / (رقم التسجيلة. 119684)

تفاصيل مارك
000 -LEADER
fixed length control field 00556nam a22001817a 4500
005 - DATE AND TIME OF LATEST TRANSACTION
control field 20251108174840.0
008 - FIXED-LENGTH DATA ELEMENTS--GENERAL INFORMATION
fixed length control field 250721s2009 xx 000 0 ara d
082 14 - DEWEY DECIMAL CLASSIFICATION NUMBER
Classification number 343.071/سلي
100 1# - MAIN ENTRY--PERSONAL NAME
Personal name سليمان، أحمد عبد القادر
245 10 - TITLE STATEMENT
Title حماية المستهلك في المعاملات الالكترونية /
264 1# - PRODUCTION, PUBLICATION, DISTRIBUTION, MANUFACTURE, AND COPYRIGHT NOTICE
Place of production, publication, distribution, manufacture عمان :
Name of producer, publisher, distributor, manufacturer المؤلف،
Date of production, publication, distribution, manufacture, or copyright notice 2009.
300 ## - PHYSICAL DESCRIPTION
Extent 201ص.
650 17 - SUBJECT ADDED ENTRY--TOPICAL TERM
Topical term or geographic name as entry element حماية المستهلك
650 17 - SUBJECT ADDED ENTRY--TOPICAL TERM
Topical term or geographic name as entry element الاستهلاك
650 17 - SUBJECT ADDED ENTRY--TOPICAL TERM
Topical term or geographic name as entry element الانترنت
942 ## - ADDED ENTRY ELEMENTS (KOHA)
Source of classification or shelving scheme Dewey Decimal Classification
Koha item type كتب
المقتنيات
حالة السحب حالة الفقدان مصدر التصنيف حالة التلف غير قابل للإعارة المكتبة الرئيسية المكتبة الحالية موقع الرف تاريخ التزويد الرقم المتسلسل Total Checkouts رقم الإستدعاء الباركود تاريخ آخر ظهور تاريخ الفاتورة نوع المادة (كوها)
    Dewey Decimal Classification     المكتبة المركزية المكتبة المركزية الإعارة 28/07/2025 1372497   343.071/سلي PLD00137780 28/07/2025 28/07/2025 كتب
    Dewey Decimal Classification     مكتبة أبو علندا العامة مكتبة أبو علندا العامة الإعارة 24/03/2010 1372503   343.071/سلي PLD00138189 28/07/2025 24/03/2010 كتب
    Dewey Decimal Classification     مكتبة أم قصير والمقابلين العامة مكتبة أم قصير والمقابلين العامة الإعارة 24/03/2010 1372509   343.071/سلي PLD00138195 28/07/2025 24/03/2010 كتب
    Dewey Decimal Classification     مكتبة الأميرة ايمان العامة مكتبة الأميرة ايمان العامة الإعارة 24/03/2010 1372504   343.071/سلي PLD00138190 28/07/2025 24/03/2010 كتب
    Dewey Decimal Classification     مكتبة البراعم الواعدة مكتبة البراعم الواعدة الإعارة 24/03/2010 1372502   343.071/سلي PLD00138188 28/07/2025 24/03/2010 كتب
    Dewey Decimal Classification     مكتبة الجويدة مكتبة الجويدة الإعارة 24/03/2010 1372505   343.071/سلي PLD00138191 28/07/2025 24/03/2010 كتب
    Dewey Decimal Classification     مكتبة النصر العامة مكتبة النصر العامة الإعارة 24/03/2010 1372506   343.071/سلي PLD00138192 28/07/2025 24/03/2010 كتب
    Dewey Decimal Classification     مكتبة وادي السير العامة مكتبة وادي السير العامة الإعارة 24/03/2010 1372512   343.071/سلي PLD00138198 28/07/2025 24/03/2010 كتب
    Dewey Decimal Classification     مكتبة ومركز فرح مكتبة ومركز فرح الإعارة 24/03/2010 1372516   343.071/سلي PLD00138202 28/07/2025 24/03/2010 كتب
Implemented & Customized by: BBB with SCIT (Smart Chains for Information Technology)

Powered by Koha